LEADER 01018nam a2200253 i 4500 001 000000177469 003 CaOOAMICUS 005 20090205000000.0 008 090205s1998 it u000 u ita u 013 $a155003 040 $aSeMil$bita 100 1 $aDavid, Jacques-Louis <1748-1825>.$0(OLS)http://semarc/name/34945 245 10$aDavid :$bMarat assassinato. 260 $aMilano :$bRCS Rizzoli Libri,$ccopyr. 1998. 300 $a48 p. :$briccamente ill. ;$c31 cm. 490 0 $aCento dipinti 500 $aDono di don Romano Martinelli. 650 4$aDavid, Jacques-Louis <1748-1825> . Marat assassinato.$0(OLS)http://semarc/subject/33885 830 0$aCento dipinti.$0(OLS)http://semarc/title/27224 850 $aSeMil 852 $aSeMil$W1$xVenegono$y1$m5T VII 69$j128280$B128280$CSeMilBibl$Z2$F139132 $81 961 $aOmaggio: Martinelli don Romano 996 $6245$aDavid :$bMarat assassinato$9(OLS)http://semarc/title/254889 996 $6260$aMilano :$bRCS Rizzoli Libri$9(OLS)http://semarc/publisher/30293 LEADER 00652nab a2200145 i 4500 001 000000262130 003 CaOOAMICUS 005 20050718000000.0 008 050718n xx uu u0 0und r 013 $a3339 040 $aSeMil$bita 245 10$aTempo ordinario :$bDomeniche 3.-7. - 32 p. ; 24 cm. - (Ascolto e Annuncio ; Anno C, 3). - Titolo dalla prima pagina. 500 $a11 gennaio 2004 - Supplemento. 773 0 $t[2004 : Gennaio-Giugno].$dBologna : Centro Editoriale Dehoniano, 2004.$w()138646 996 $6245$aTempo ordinario :$bDomeniche 3.-7. - 32 p. ; 24 cm. - (Ascolto e Annuncio ; Anno C, 3). - Titolo dalla prima pagina.$9(OLS)http://semarc/title/355854